| 000 | 01333nam a2200301 a 4500 | ||
|---|---|---|---|
| 003 | BLK | ||
| 005 | 20250609153931.0 | ||
| 008 | 200703b bu ||||| |||| 00| 0 bu d | ||
| 020 | _a9789547833616 | ||
| 040 | _aBLK | ||
| 041 |
_aBUL _cBUL |
||
| 080 |
_aАмериканска литература (на САЩ) _b821.111(73) _x-31 _z821.111(73)-31 |
||
| 100 |
_aРийд, Тейлър Дженкинс _9417377 |
||
| 245 |
_aМалибу в пламъци _cТейлър Дженкинс Рийд ; прев. Катя Перчинкова |
||
| 257 | _aBGR | ||
| 260 |
_9213084 _aСофия _bЛокус пъблишинг _c2022 _n978-954-783- |
||
| 300 |
_a454 с. _c20 см |
||
| 380 | _aX | ||
| 490 |
_9417306 _aБиблиотека Lux in tenebris _v14 _xC634-7967 |
||
| 500 | _aОриг. загл.: Malibu rising / Taylor Jenkins Reid Името на авт. Тейлър Дженкинс Рийд погрешно отпеч. в изд. каре - Taylor Jenkins Reеd | ||
| 700 | 1 |
_9108657 _aПерчинкова, Катя Христова _eпрев. |
|
| 852 |
_aЦб 318062 _bЦб |
||
| 852 |
_bП _c821-31/Р 58 Т |
||
| 856 |
_i0.00 _ldisable |
||
| 942 |
_cKNG _n0 _s1 _09 |
||
| 944 |
_c2024 _k30576 _lЦветомила Тодорова |
||
| 999 |
_c491594 _d491594 |
||